000 00410nam a2200169Ia 4500
008 210210b1987 xxu||||| |||| 00| 0 eng d
082 _a650 GHOB
100 _aGHOSH (P K)
245 _aBusiness and society. Ed.3
250 _a
260 _aDelhi
_bSultan Chand & Sons
_c1987
300 _a282,3
650 _aBusiness society
690 _aBusiness Studies
700 _aKAPOOR (G K).
906 _a047436
999 _c96694
_d96694